[Event "II. CLANSKA LIGA ZAHOD 2023"]
[Site "Komenda"]
[Date "2023.11.19"]
[Round "5.1"]
[White "Bratovic, Blaz"]
[Black "Rozman, Mitja"]
[Result "1-0"]
[WhiteElo "2350"]
[BlackElo "1984"]
[PlyCount "75"]
[EventDate "2023.11.19"]
[WhiteTeam "SD GORENJKA LESCE"]
[BlackTeam "DRUSTVO TOMO ZUPAN"]

1. d4 Nf6 2. Nf3 g6 3. g3 Bg7 4. Bg2 O-O 5. O-O d6 6. b3 c6 7. Bb2 Qc7 8. c4
Re8 9. Nbd2 b6 10. e4 e5 11. c5 bxc5 12. dxc5 dxc5 13. Nc4 Nbd7 14. Qd6 Qxd6
15. Nxd6 Re6 16. Rfd1 c4 17. Bh3 c3 18. Bxe6 cxb2 19. Bxf7+ Kf8 20. Rab1 Nc5
21. Nxc8 Rxc8 22. Bc4 Nfxe4 23. Rxb2 Nc3 24. Rc1 e4 25. Ng5 Ke7 26. Rbc2 h6 27.
Nh3 Nd3 28. Rxc3 Bxc3 29. Rxc3 Rd8 30. Nf4 Ne1 31. Re3 Rd1 32. Rxe4+ Kd8 33.
Kf1 Nc2+ 34. Kg2 Ne1+ 35. Kh3 Nf3 36. Re3 Ng5+ 37. Kg2 Ra1 38. h4 1-0

[Event "II. CLANSKA LIGA ZAHOD 2023"]
[Site "Komenda"]
[Date "2023.11.19"]
[Round "5.2"]
[White "Orel Music, Simona"]
[Black "Mencinger, Vojko"]
[Result "0-1"]
[WhiteElo "1937"]
[BlackElo "2296"]
[PlyCount "84"]
[EventDate "2023.11.19"]
[WhiteTeam "DRUSTVO TOMO ZUPAN"]
[BlackTeam "SD GORENJKA LESCE"]

1. d4 Nf6 2. c4 e6 3. Nf3 Bb4+ 4. Bd2 Qe7 5. a3 Bxd2+ 6. Qxd2 a5 7. Nc3 d6 8.
e4 e5 9. dxe5 dxe5 10. Qg5 O-O 11. Bd3 Re8 12. O-O h6 13. Qe3 c6 14. Rfe1 Bg4
15. h3 Bxf3 16. Qxf3 Na6 17. Rad1 Nc5 18. Bc2 Ne6 19. Ne2 c5 20. Qf5 Nd4 21.
Nxd4 g6 22. Qf3 cxd4 23. Qb3 Qc5 24. Bd3 a4 25. Qb5 Rec8 26. Rc1 Rc7 27. Rc2
Qxb5 28. cxb5 Rxc2 29. Bxc2 Nd7 30. Rd1 Nc5 31. f4 f6 32. Kf2 Ra5 33. Rd2 Rxb5
34. Bb1 Kf8 35. fxe5 fxe5 36. Kf3 Rb3+ 37. Kg4 Kg7 38. Rf2 h5+ 39. Kh4 Kh6 40.
Rf3 Rxb2 41. Bd3 Nxd3 42. Rxd3 Rxg2 0-1

[Event "II. CLANSKA LIGA ZAHOD 2023"]
[Site "Komenda"]
[Date "2023.11.19"]
[Round "5.3"]
[White "Pavlin, Damijan"]
[Black "Bobnar, Samo"]
[Result "0-1"]
[WhiteElo "1926"]
[BlackElo "1853"]
[PlyCount "40"]
[EventDate "2023.11.19"]
[WhiteTeam "SD GORENJKA LESCE"]
[BlackTeam "DRUSTVO TOMO ZUPAN"]

1. d4 Nf6 2. Nf3 d5 3. c4 c6 4. cxd5 cxd5 5. Nc3 Nc6 6. Bf4 Bf5 7. e3 Nh5 8.
Bg3 Nxg3 9. hxg3 e6 10. Nh4 Be4 11. f3 Bd6 12. fxe4 Bxg3+ 13. Kd2 Bxh4 14. exd5
exd5 15. Qb3 Bg5 16. Qxb7 Nxd4 17. Bd3 Rb8 18. Qxa7 Rxb2+ 19. Kc1 Rb6 20. Qa5
Rb1+ 0-1

[Event "II. CLANSKA LIGA ZAHOD 2023"]
[Site "Komenda"]
[Date "2023.11.19"]
[Round "5.4"]
[White "Demsar, Maks"]
[Black "Lanjscek, Miha"]
[Result "1-0"]
[WhiteElo "1532"]
[BlackElo "1785"]
[PlyCount "99"]
[EventDate "2023.11.19"]
[WhiteTeam "DRUSTVO TOMO ZUPAN"]
[BlackTeam "SD GORENJKA LESCE"]

1. e4 c5 2. Nf3 d6 3. d4 cxd4 4. Nxd4 Nf6 5. Nc3 a6 6. h3 e5 7. Nde2 Be7 8. g4
Be6 9. Bg2 Nbd7 10. Ng3 h6 11. Be3 Nb6 12. b3 Rc8 13. Nd5 Nbxd5 14. exd5 Bd7
15. a4 O-O 16. a5 Nh7 17. Be4 Nf6 18. Bf5 Bxf5 19. Nxf5 g6 20. Ng3 Kg7 21. Qd2
Rh8 22. Rg1 g5 23. c4 Nd7 24. Ne4 Nf6 25. Qd3 Nxe4 26. Qxe4 Qd7 27. Rg3 Rcf8
28. Rf3 Bd8 29. Qf5 Qxf5 30. Rxf5 f6 31. c5 dxc5 32. Bxc5 Rf7 33. d6 h5 34. Ke2
hxg4 35. hxg4 Rh4 36. Rf3 Rxg4 37. Rd3 Rd7 38. b4 Rc4 39. Rh1 Bxa5 40. Rdh3 Rh4
41. Rxh4 gxh4 42. bxa5 Kf7 43. Rxh4 Ke6 44. Rh8 Kd5 45. Ba3 f5 46. Re8 Rh7 47.
Re7 Rh3 48. d7 Rxa3 49. d8=Q+ Ke4 50. Rxe5+ 1-0

[Event "II. CLANSKA LIGA ZAHOD 2023"]
[Site "Komenda"]
[Date "2023.11.19"]
[Round "5.5"]
[White "Kocjancic, Luka"]
[Black "Smirnov, Maksim"]
[Result "0-1"]
[WhiteElo "1288"]
[BlackElo "1491"]
[PlyCount "68"]
[EventDate "2023.11.19"]
[WhiteTeam "SD GORENJKA LESCE"]
[BlackTeam "DRUSTVO TOMO ZUPAN"]

1. d4 c6 2. c4 d5 3. Nf3 Nf6 4. Nc3 e6 5. Bf4 Nbd7 6. Qc2 Be7 7. h3 O-O 8. e3
b6 9. cxd5 cxd5 10. Bd3 Bb7 11. O-O Rc8 12. Nd2 Nb8 13. Qa4 a6 14. a3 b5 15.
Qb3 Nc6 16. Rfc1 Bd6 17. Bxd6 Qxd6 18. Na2 Na5 19. Qd1 Nc4 20. Rab1 h6 21. Nf3
Rc7 22. a4 Rfc8 23. b3 Na3 24. Rxc7 Rxc7 25. Rc1 bxa4 26. bxa4 Nc4 27. Qe2 a5
28. Bxc4 dxc4 29. Ne5 Ba6 30. Nc3 Nd5 31. Nb5 Bxb5 32. axb5 Qb4 33. Nxc4 Nb6
34. Rc2 Rxc4 0-1

[Event "II. CLANSKA LIGA ZAHOD 2023"]
[Site "Komenda"]
[Date "2023.11.19"]
[Round "5.6"]
[White "Bobnar, Vid"]
[Black "Primozic, Lovro"]
[Result "1/2-1/2"]
[WhiteElo "1835"]
[BlackElo "1354"]
[PlyCount "65"]
[EventDate "2023.11.19"]
[WhiteTeam "DRUSTVO TOMO ZUPAN"]
[BlackTeam "SD GORENJKA LESCE"]

1. e4 e5 2. Nc3 Nf6 3. Bc4 Bc5 4. d3 Nc6 5. Nf3 h6 6. h3 d6 7. O-O O-O 8. Na4
Bb6 9. Nxb6 axb6 10. Be3 Be6 11. Bb3 Qe7 12. Qe2 Nd7 13. Nh2 f5 14. exf5 Bxb3
15. axb3 Rxa1 16. Rxa1 Rxf5 17. Qg4 Rf6 18. Ra8+ Kh7 19. Qe4+ Rg6 20. Nf3 Nf6
21. Qf5 Nd5 22. Qc8 Rf6 23. Qh8+ Kg6 24. Bxh6 Rxf3 25. gxf3 gxh6 26. Rg8+ Kh5
27. Rg4 Nd4 28. Kg2 Qf7 29. Rg3 Nf4+ 30. Kf1 Nde2 31. Rg4 Nd4 32. Rg3 Nde2 33.
Rg4 1/2-1/2

[Event "II. CLANSKA LIGA ZAHOD 2023"]
[Site "Komenda"]
[Date "2023.11.19"]
[Round "5.1"]
[White "Ogradi, Gregor"]
[Black "Bulic, Josip"]
[Result "0-1"]
[WhiteElo "1958"]
[BlackElo "2236"]
[PlyCount "92"]
[EventDate "2023.11.19"]
[WhiteTeam "SK KOMENDA"]
[BlackTeam "SD PIRAN"]

1. e4 Nf6 2. e5 Nd5 3. d4 d6 4. c4 Nb6 5. exd6 exd6 6. Nc3 Nc6 7. Be3 Be7 8.
Be2 O-O 9. b3 Bf6 10. Nf3 Bg4 11. O-O h6 12. Ne4 d5 13. Nxf6+ Qxf6 14. c5 Nd7
15. Qd2 a6 16. h3 Bf5 17. Nh2 Rfd8 18. Rfd1 Nf8 19. f3 Re8 20. Bf2 Re7 21. Bf1
Rae8 22. b4 Ng6 23. a4 a5 24. bxa5 Ra8 25. a6 bxa6 26. Ng4 Bxg4 27. hxg4 a5 28.
Bb5 Nb4 29. c6 Nxc6 30. Re1 Nb4 31. Rxe7 Nxe7 32. Re1 c6 33. Bf1 Ng6 34. Qc1
Nf4 35. Qc3 Ne6 36. Qb2 c5 37. Bg3 Qxd4+ 38. Qxd4 Nxd4 39. Bf2 Ne6 40. f4 Nxf4
41. Rd1 d4 42. Bc4 Re8 43. Kf1 Nfd5 44. Re1 Ne3+ 45. Bxe3 dxe3 46. Ke2 Nc2 0-1

[Event "II. CLANSKA LIGA ZAHOD 2023"]
[Site "Komenda"]
[Date "2023.11.19"]
[Round "5.2"]
[White "Suc, Timothy"]
[Black "Cimperman, Teo"]
[Result "1/2-1/2"]
[WhiteElo "2030"]
[BlackElo "1640"]
[PlyCount "119"]
[EventDate "2023.11.19"]
[WhiteTeam "SD PIRAN"]
[BlackTeam "SK KOMENDA"]

1. e4 c5 2. b3 Nc6 3. Bb2 e6 4. Nf3 d5 5. Bb5 Bd7 6. exd5 exd5 7. O-O Nf6 8.
Re1+ Be7 9. Bxf6 gxf6 10. d4 Be6 11. dxc5 Bxc5 12. Nd4 Qb6 13. c3 Bxd4 14.
Bxc6+ bxc6 15. Qxd4 Qxd4 16. cxd4 Rg8 17. Nc3 Rg4 18. Red1 Ke7 19. Rac1 Kd6 20.
f3 Rg6 21. Ne2 Rag8 22. g3 Re8 23. Rc3 Rgg8 24. Rdc1 Bd7 25. Nf4 Re7 26. Kf2 a6
27. Nd3 Rge8 28. R3c2 a5 29. Nf4 Ra8 30. Nh5 Re6 31. Ng7 Re7 32. Rxc6+ Bxc6 33.
Nf5+ Kd7 34. Nxe7 Bb7 35. Rc5 Kxe7 36. Rc7+ Ke6 37. Rxb7 Rc8 38. Ke3 Rc2 39.
Rb6+ Ke7 40. Rb5 Rxa2 41. Rxd5 Ra3 42. Ke4 Rxb3 43. Rxa5 Rb2 44. Ra7+ Kf8 45.
Kf5 Rxh2 46. Kxf6 Rh6+ 47. Ke5 Re6+ 48. Kf5 Rd6 49. Ke5 Re6+ 50. Kd5 Re3 51.
Kc6 Rxf3 52. d5 Rc3+ 53. Kd7 Rxg3 54. d6 h5 55. Ra8+ Kg7 56. Kc6 Rc3+ 57. Kd5
Rd3+ 58. Kc6 Rc3+ 59. Kb5 Rd3 60. Kc6 1/2-1/2

[Event "II. CLANSKA LIGA ZAHOD 2023"]
[Site "Komenda"]
[Date "2023.11.19"]
[Round "5.3"]
[White "Babarovic, Fran"]
[Black "Ribicic, Marko"]
[Result "1/2-1/2"]
[WhiteElo "1653"]
[BlackElo "1757"]
[PlyCount "89"]
[EventDate "2023.11.19"]
[WhiteTeam "SK KOMENDA"]
[BlackTeam "SD PIRAN"]

1. e4 e5 2. Nf3 Nc6 3. Bc4 Be7 4. c3 Nf6 5. d3 O-O 6. O-O d6 7. h3 Na5 8. Bb5
c6 9. Ba4 b5 10. Bc2 c5 11. Re1 Bb7 12. Nbd2 Nc6 13. Nf1 Re8 14. Ne3 Bc8 15.
Nd2 Bf8 16. Ndf1 Ne7 17. Ng3 g6 18. Qf3 Bg7 19. Bb3 Be6 20. Ng4 Nxg4 21. hxg4
Bxb3 22. axb3 Nc6 23. Kf1 a5 24. Ke2 b4 25. Rh1 bxc3 26. bxc3 Rb8 27. Bh6 Bxh6
28. Rxh6 Qg5 29. Rxh7 Qf4 30. Rah1 Kf8 31. Rh8+ Ke7 32. Rxe8+ Rxe8 33. Qxf4
exf4 34. Nf1 a4 35. bxa4 Ra8 36. Nd2 Rxa4 37. Nc4 Ra2+ 38. Kf3 Ne5+ 39. Nxe5
dxe5 40. Rc1 Rd2 41. d4 cxd4 42. cxd4 Rxd4 43. Rc5 Ke6 44. Rc3 g5 45. Rc6+
1/2-1/2

[Event "II. CLANSKA LIGA ZAHOD 2023"]
[Site "Komenda"]
[Date "2023.11.19"]
[Round "5.4"]
[White "Debevec, Katarina"]
[Black "Zagar, Katarina"]
[Result "1/2-1/2"]
[WhiteElo "1335"]
[BlackElo "1157"]
[PlyCount "66"]
[EventDate "2023.11.19"]
[WhiteTeam "SD PIRAN"]
[BlackTeam "SK KOMENDA"]

1. d4 Nf6 2. c4 e6 3. Nc3 d5 4. e3 Be7 5. Be2 O-O 6. Nf3 c6 7. c5 Nbd7 8. b4 a5
9. bxa5 Qxa5 10. Bd2 Qc7 11. O-O e5 12. h3 exd4 13. exd4 Re8 14. Re1 Bf8 15.
Bd3 Qd8 16. Qc2 g6 17. Qc1 Rxe1+ 18. Qxe1 Bg7 19. Be3 Qe7 20. Qd2 Ne4 21. Bxe4
dxe4 22. Nh2 f5 23. Re1 Qf6 24. f3 exf3 25. Nxf3 Qf8 26. Re2 Kh8 27. Qe1 Nf6
28. Bg5 Bd7 29. Ne5 Be6 30. Nxg6+ hxg6 31. Rxe6 Kg8 32. Qh4 Nh7 33. Be3 Qf7
1/2-1/2

[Event "II. CLANSKA LIGA ZAHOD 2023"]
[Site "Komenda"]
[Date "2023.11.19"]
[Round "5.5"]
[White "Perme, Lojze"]
[Black "Stih, Metka"]
[Result "1-0"]
[WhiteElo "1053"]
[BlackElo "1403"]
[PlyCount "67"]
[EventDate "2023.11.19"]
[WhiteTeam "SK KOMENDA"]
[BlackTeam "SD PIRAN"]

1. e4 e5 2. Nf3 Nc6 3. Bc4 Bc5 4. O-O Nf6 5. Nc3 h6 6. d3 a6 7. Be3 d6 8. Bxc5
dxc5 9. h3 O-O 10. Qd2 b5 11. Bd5 Nxd5 12. Nxd5 Be6 13. Ne3 Kh7 14. Rfe1 Ne7
15. Kh2 Ng6 16. c3 Nf4 17. d4 exd4 18. cxd4 c4 19. Rad1 a5 20. d5 Bd7 21. Nf5
Nh5 22. Ne3 Qe7 23. Nf5 Qf6 24. d6 c6 25. Ne7 g5 26. e5 Qg7 27. Qc2+ Kh8 28.
Nd4 c5 29. e6 fxe6 30. Nxe6 Rxf2 31. Qxf2 Qh7 32. Nxc5 Be8 33. Qf8+ Qg8 34.
Qxg8# 1-0

[Event "II. CLANSKA LIGA ZAHOD 2023"]
[Site "Komenda"]
[Date "2023.11.19"]
[Round "5.6"]
[White "Levacic, Matic"]
[Black "Sostaric, Zan"]
[Result "1-0"]
[WhiteElo "1000"]
[BlackElo "1000"]
[PlyCount "81"]
[EventDate "2023.11.19"]
[WhiteTeam "SD PIRAN"]
[BlackTeam "SK KOMENDA"]

1. e4 e5 2. Nf3 Nc6 3. Bc4 Bc5 4. d3 d6 5. h3 Be6 6. Bb3 Nf6 7. Bg5 h6 8. Bh4
Nd4 9. Nbd2 Qe7 10. c3 Nb5 11. a4 Bxb3 12. Qxb3 Nd4 13. cxd4 exd4 14. Qxb7 Qd8
15. O-O Qb8 16. Qxb8+ Rxb8 17. Nc4 Rb3 18. Rfd1 Kd7 19. e5 Re8 20. exf6 gxf6
21. Bxf6 a6 22. Bxd4 d5 23. Nce5+ Kd6 24. Nxf7+ Kc6 25. N3e5+ Kb6 26. Nd7+ Kc6
27. Nxc5 Rbb8 28. Nxa6 Rb3 29. Rdc1+ Kb7 30. Nc5+ Kc6 31. Nxb3+ Kd7 32. Nxh6
Re6 33. Nc5+ Kd6 34. Nf5+ Kc6 35. Nxe6+ Kd7 36. Nfg7 c6 37. Bf6 c5 38. Rxc5 Kd6
39. f4 Kd7 40. Rc7+ Kd6 41. Be5# 1-0

[Event "II. CLANSKA LIGA ZAHOD 2023"]
[Site "Komenda"]
[Date "2023.11.19"]
[Round "5.3"]
[White "Biti, Ozren"]
[Black "Zamar Kodelja, Jurij"]
[Result "1/2-1/2"]
[WhiteElo "2305"]
[BlackElo "2245"]
[PlyCount "55"]
[EventDate "2023.11.19"]
[WhiteTeam "SD POSOCJE"]
[BlackTeam "SK NOVA GORICA"]

1. e4 c5 2. Nc3 Nc6 3. Bb5 Nd4 4. Bc4 g6 5. Nf3 Bg7 6. Nxd4 cxd4 7. Qf3 Nf6 8.
Nd5 Nxd5 9. Bxd5 e6 10. Bb3 O-O 11. d3 f5 12. Qg3 Qf6 13. Bg5 f4 14. Bxf6 fxg3
15. Bxg7 gxf2+ 16. Ke2 Kxg7 17. Raf1 d6 18. Rxf2 Rxf2+ 19. Kxf2 Bd7 20. c3 dxc3
21. bxc3 Rc8 22. Rc1 Kf6 23. Ke3 Ke7 24. Kd2 Rf8 25. Ke3 Rc8 26. Kd2 Rf8 27.
Ke3 Rc8 28. Kd2 1/2-1/2

[Event "II. CLANSKA LIGA ZAHOD 2023"]
[Site "Komenda"]
[Date "2023.11.19"]
[Round "5.4"]
[White "Herega, Nejc"]
[Black "Beletic, Danijel"]
[Result "1-0"]
[WhiteElo "2236"]
[BlackElo "2243"]
[PlyCount "147"]
[EventDate "2023.11.19"]
[WhiteTeam "SK NOVA GORICA"]
[BlackTeam "SD POSOCJE"]

1. d4 Nf6 2. Nf3 g6 3. c4 Bg7 4. g3 O-O 5. Bg2 d6 6. Nc3 Nbd7 7. O-O e5 8. h3
Re8 9. e4 exd4 10. Nxd4 a6 11. Be3 Rb8 12. b3 c5 13. Nde2 Ne5 14. a4 Nc6 15.
Qd2 Be6 16. Rab1 Qc7 17. f4 Rbd8 18. f5 Bc8 19. Bg5 Nd7 20. fxg6 hxg6 21. Nd5
Qa5 22. Qxa5 Nxa5 23. Bxd8 Rxd8 24. Ne7+ Kh7 25. Nxc8 Rxc8 26. Rxf7 Ne5 27.
Rff1 Nac6 28. h4 Rb8 29. Rbd1 Nd4 30. Nxd4 cxd4 31. Bh3 Re8 32. Kg2 d3 33. g4
g5 34. h5 Rc8 35. Rf2 Rc6 36. Rb1 Rb6 37. Rff1 a5 38. Rfd1 Rc6 39. Kf2 Bf6 40.
Ke3 Bd8 41. Bf1 Nxg4+ 42. Kf3 Ne5+ 43. Kg2 Bb6 44. Bxd3 Bc5 45. Be2 Be3 46. Rf1
Bf4 47. b4 axb4 48. Rxb4 b6 49. Rd1 Be3 50. Rb5 Bf4 51. Rb4 Kh6 52. Rd5 Be3 53.
Rbb5 Bc5 54. a5 bxa5 55. Rxa5 Rc7 56. Raxc5 Rxc5 57. Rxd6+ Kg7 58. Rd5 Rxd5 59.
exd5 Nd7 60. Kf3 Nf6 61. Ke3 g4 62. Kf4 Nxh5+ 63. Kxg4 Nf6+ 64. Kf4 Nd7 65. Ke4
Kf6 66. Kd4 Ke7 67. c5 Kd8 68. c6 Nb6 69. Kc5 Na4+ 70. Kd6 Nb6 71. c7+ Ke8 72.
Bb5+ Kf7 73. Bd7 Nc4+ 74. Kc5 1-0

[Event "II. CLANSKA LIGA ZAHOD 2023"]
[Site "Komenda"]
[Date "2023.11.19"]
[Round "5.5"]
[White "Hozjan, Erik"]
[Black "Gregoric, Andraz"]
[Result "0-1"]
[WhiteElo "1899"]
[BlackElo "2171"]
[PlyCount "120"]
[EventDate "2023.11.19"]
[WhiteTeam "SK NOVA GORICA"]
[BlackTeam "SD POSOCJE"]

1. e4 e5 2. Nf3 Nc6 3. Bc4 Bc5 4. c3 Nf6 5. d3 d6 6. O-O a5 7. Re1 O-O 8. d4
Ba7 9. Bg5 Bg4 10. h3 Bxf3 11. Qxf3 exd4 12. Bd5 Ne5 13. Qg3 Kh8 14. Kh1 h6 15.
f4 hxg5 16. fxe5 dxe5 17. Qxg5 Nxd5 18. Qh5+ Kg8 19. exd5 dxc3 20. Nxc3 Bd4 21.
Ne4 f6 22. Ng3 Qxd5 23. Nf5 Rf7 24. Rad1 c5 25. Rd3 Rd7 26. Rg3 Bf2 27. Rg6
Bxe1 28. Qg4 Bf2 29. Kh2 Bg1+ 30. Kh1 Be3 31. Nxe3 Qd4 32. Qe6+ Kh7 33. Qf5 Qf4
34. Qh5+ Kg8 35. Nf5 Rad8 36. Rg3 e4 37. Nh6+ Kf8 38. Nf5 Kg8 39. Nh6+ Kf8 40.
Nf5 Rd1+ 41. Kh2 R1d5 42. Qh8+ Kf7 43. Qh5+ Kf8 44. Qh8+ Kf7 45. Qh5+ Ke6 46.
Nxg7+ Kd6 47. Qf7 Rd3 48. Nh5 Qe5 49. Qxf6+ Qxf6 50. Nxf6 Rxg3 51. Nxe4+ Ke5
52. Nxg3 Rd2 53. b3 Rxa2 54. Nf1 Kf4 55. h4 Rb2 56. Kh3 Rxb3+ 57. g3+ Kf5 58.
Nd2 Rd3 59. Nc4 a4 60. Nb2 Rd4 0-1

[Event "II. CLANSKA LIGA ZAHOD 2023"]
[Site "Komenda"]
[Date "2023.11.19"]
[Round "5.6"]
[White "Markocic, Tine"]
[Black "Rutar, Ales"]
[Result "1-0"]
[WhiteElo "2059"]
[BlackElo "1350"]
[PlyCount "51"]
[EventDate "2023.11.19"]
[WhiteTeam "SK NOVA GORICA"]
[BlackTeam "SD POSOCJE"]

1. e4 c5 2. Nf3 Nc6 3. d4 cxd4 4. Nxd4 e6 5. Nc3 a6 6. Be2 Qc7 7. Be3 Nf6 8.
O-O Be7 9. a4 d5 10. exd5 Nxd5 11. Nxd5 exd5 12. Bf3 Nxd4 13. Bxd4 Be6 14. Bxg7
Rg8 15. Qd4 Qxc2 16. Be5 Bc5 17. Qf4 Qg6 18. Rfe1 Rd8 19. Rac1 Be7 20. Rc7 b5
21. axb5 axb5 22. Rb7 b4 23. Bc7 Rc8 24. Bd6 Bxd6 25. Qxd6 Qg5 26. Rxe6+ 1-0

[Event "II. CLANSKA LIGA ZAHOD 2023"]
[Site "Komenda"]
[Date "2023.11.19"]
[Round "5.1"]
[White "Krupenko, Peter"]
[Black "Markovic, Jelena"]
[Result "1-0"]
[WhiteElo "2023"]
[BlackElo "1607"]
[PlyCount "69"]
[EventDate "2023.11.19"]
[WhiteTeam "SK TRZIN"]
[BlackTeam "SD VRHNIKA"]

1. Nf3 Nf6 2. c4 c5 3. Nc3 Nc6 4. d4 cxd4 5. Nxd4 g6 6. g3 Bg7 7. Bg2 O-O 8.
O-O a6 9. c5 Qc7 10. Nb3 Ne8 11. Nd5 Qd8 12. Nb6 Rb8 13. Bh3 d6 14. Nxc8 e6 15.
Nxd6 Qc7 16. Nxe8 Rfxe8 17. Qd6 Qxd6 18. cxd6 Rbd8 19. Rd1 Be5 20. Nc5 b6 21.
Nb7 Rd7 22. Bg2 Nd8 23. Nxd8 Rexd8 24. Bc6 Rxd6 25. Rxd6 Rxd6 26. Ba4 Rd4 27.
Bb3 b5 28. Be3 Rd7 29. Rb1 a5 30. a4 Rb7 31. axb5 Rxb5 32. Ba4 Rb4 33. b3 Rb8
34. Bf4 Bxf4 35. gxf4 1-0

[Event "II. CLANSKA LIGA ZAHOD 2023"]
[Site "Komenda"]
[Date "2023.11.19"]
[Round "5.3"]
[White "Leben, Dusan"]
[Black "Vogrin, Aljaz"]
[Result "1/2-1/2"]
[WhiteElo "1804"]
[BlackElo "1633"]
[PlyCount "74"]
[EventDate "2023.11.19"]
[WhiteTeam "SK TRZIN"]
[BlackTeam "SD VRHNIKA"]

1. e4 e6 2. d4 d5 3. exd5 exd5 4. Nf3 Nc6 5. c3 Bd6 6. Be2 Nge7 7. Bg5 f6 8.
Bh4 Ng6 9. Bg3 Nf4 10. O-O O-O 11. Re1 Nxe2+ 12. Rxe2 Ne7 13. Nbd2 Ng6 14. Qc2
Nf4 15. Re3 c6 16. Rae1 Bg4 17. Qb3 Qb6 18. Qxb6 axb6 19. a3 Bh5 20. Kf1 Bg6
21. Kg1 Rfe8 22. Nh4 Nd3 23. Rxe8+ Bxe8 24. Rb1 Bxg3 25. fxg3 c5 26. Nhf3 c4
27. Ne1 Bg6 28. Nxd3 Bxd3 29. Re1 Kf7 30. Kf2 Ra5 31. Ke3 Ke6 32. g4 Kd7 33.
Nf3 Be4 34. Re2 h6 35. Ng1 Kc6 36. Nf3 Kd6 37. g3 Ra8 {nejasno (59)} 1/2-1/2

[Event "II. CLANSKA LIGA ZAHOD 2023"]
[Site "Komenda"]
[Date "2023.11.19"]
[Round "5.4"]
[White "Zlindra, Aljaz"]
[Black "Borstnik, Ales"]
[Result "1-0"]
[WhiteElo "1376"]
[BlackElo "1799"]
[PlyCount "77"]
[EventDate "2023.11.19"]
[WhiteTeam "SD VRHNIKA"]
[BlackTeam "SK TRZIN"]

1. e4 c5 2. Nc3 d6 3. d4 cxd4 4. Qxd4 Nc6 5. Qd2 Nf6 6. b3 g6 7. Bb2 Bg7 8.
O-O-O O-O 9. f3 a6 10. Nge2 b5 11. Kb1 Bb7 12. g4 Qb6 13. Ng3 Ne5 14. Be2 Rac8
15. g5 Ne8 16. Rdf1 e6 17. h4 Nd7 18. Nd1 d5 19. Bxg7 Kxg7 20. h5 Kg8 21. Ne3
Qc7 22. Rh3 Qc3 23. Qc1 Rc7 24. Rfh1 Nb6 25. Bd3 Qg7 26. Ng4 dxe4 27. Nxe4 Bxe4
28. fxe4 f5 29. Nh6+ Kh8 30. hxg6 Qxg6 31. exf5 exf5 32. Qb2+ Rg7 33. Nxf5 Rxf5
34. Rxh7+ Kg8 35. Rh8+ Kf7 36. Bxf5 Qxf5 37. Rxe8 Rxg5 38. Qh8 Qc5 39. Rf1+ 1-0

[Event "II. CLANSKA LIGA ZAHOD 2023"]
[Site "Komenda"]
[Date "2023.11.19"]
[Round "5.5"]
[White "Bajec, Borut"]
[Black "Sever, Gasper"]
[Result "1/2-1/2"]
[WhiteElo "1714"]
[BlackElo "1406"]
[PlyCount "71"]
[EventDate "2023.11.19"]
[WhiteTeam "SK TRZIN"]
[BlackTeam "SD VRHNIKA"]

1. d4 Nf6 2. Nf3 d5 3. c4 e6 4. Nc3 c5 5. e3 Nc6 6. Be2 Be7 7. O-O O-O 8. b3
Ne4 9. Bb2 cxd4 10. Nxd4 Nxc3 11. Bxc3 Nxd4 12. Bxd4 dxc4 13. Bxc4 b6 14. Qf3
Bd7 15. Rad1 Qc7 16. Qe4 Bc6 17. Qg4 e5 18. Bc3 Rad8 19. Qf5 Bd6 20. Rc1 Qb7
21. f3 Rde8 22. b4 b5 23. Bb3 Bd5 24. Bxd5 Qxd5 25. Rfd1 Qe6 26. Qd3 Bc7 27.
Qxb5 Qxa2 28. Rd2 Re6 29. Qd5 Bb6 30. Re1 Qxd5 31. Rxd5 f6 32. Kf2 Rc8 33. Rc1
Rc4 34. Bd2 Rxc1 35. Bxc1 Re8 36. Bd2 1/2-1/2

[Event "II. CLANSKA LIGA ZAHOD 2023"]
[Site "Komenda"]
[Date "2023.11.19"]
[Round "5.6"]
[White "Petek, Val"]
[Black "Banko, Franci"]
[Result "1-0"]
[WhiteElo "1000"]
[BlackElo "1404"]
[PlyCount "95"]
[EventDate "2023.11.19"]
[WhiteTeam "SD VRHNIKA"]
[BlackTeam "SK TRZIN"]

1. d4 Nf6 2. c4 d6 3. Nc3 g6 4. g3 Bg7 5. Bg2 O-O 6. e3 e5 7. Nge2 Re8 8. dxe5
Rxe5 9. O-O Ng4 10. Nf4 c6 11. h3 Nf6 12. b3 Bf5 13. Bb2 Re7 14. Rc1 Ne4 15. g4
Nxc3 16. Bxc3 Bxc3 17. Rxc3 Bc8 18. Rd3 Rd7 19. Qd2 b6 20. Rd1 g5 21. Ne2 d5
22. cxd5 Ba6 23. Rc3 Bxe2 24. Qxe2 Rd6 25. Rcd3 c5 26. e4 Nd7 27. e5 Qe7 28.
Re3 Nxe5 29. Rxe5 Qf6 30. Re8+ Rxe8 31. Qxe8+ Kg7 32. Qe3 h6 33. Re1 Qf4 34.
Qxf4 gxf4 35. Re7 a5 36. Kf1 Kg6 37. Ke1 f5 38. Re6+ Rxe6+ 39. dxe6 fxg4 40.
hxg4 Kf6 41. Bd5 Ke7 42. Ke2 b5 43. Kf3 a4 44. bxa4 c4 45. axb5 c3 46. Bb3 c2
47. Bxc2 Kxe6 48. a4 1-0